Нормален изглед
MARC изглед
- Димитров, Димитър Ас.
Вход 01. Лично име
001 - Контролен номер на записа
- Контролно поле: 427057
003 - Код на организацията, даваща контролен номер
- Контролно поле: BLK
005 - Дата и час на последна промяна на записа
- Контролно поле: 20200813093716.0
008 - Данни с фиксирана дължина – обща информация
- Данни с фиксирана дължина : 200813|| aca||aabn | a|a d
100 ## - ИМЕ НА ЛИЦЕ -ПЪРВИЧНА ИНТЕЛЕКТУАЛНА ОТГОВОРНОСТ
- Лично име: Димитров, Димитър Ас.
- Ключова дума за отношение: Науч. ред.
942 ## - Системна служебна употреба
- Koha auth type: PERSO_NAME